| LEADER | 00468cam a2200169 7i4500 | ||
|---|---|---|---|
| 001 | 0000003732 | ||
| 005 | 19991025090000.0 | ||
| 002 | ##000005123 | ||
| 020 | 0 | 0 | |a T000004553 |
| 090 | 0 | 0 | |a P 583.79 |b MAR |
| 245 | 0 | 0 | |a Market report : |b spices, herbs and spice extractive. |
| 260 | 0 | 0 | |a Ontario: |b Trade Facilitation Office Canada, |c 1994. |
| 300 | 0 | 0 | |a 20 p.. |
| 650 | 0 | 0 | |a Spices |
| 650 | 0 | 0 | |a Herbs |
| 651 | 0 | 0 | |a Canada |
| 999 | |a 0000005866 |b Book |c Open shelf |e Business Information Centre | ||